Questions grammaire 1ère - Statistiques

Statistiques générales
  • Ce quiz a été pris 424 fois
  • Le résultat moyen est 3 sur 9
Statistiques - réponses
Hint Réponse % Correct
Nature de la négation: Ne...pas/point négation totale
95%
Nature de l'interrogation: se termine par "?" et comporte la plus part du temps une inversion sujet-verbe interrogation directe
48%
Nature de l'interrogation: se termine par un point, ne comporte pas d'inversion sujet-verbe interrogation indirecte
47%
Nature de l'interrogation: Commence par un mot interrogatif, la réponse n'y est pas binaire interrogation partielle
46%
Nature de l'interrogation: porte sur la totalité de la phrase, la réponse y est binaire interrogation totale
46%
Nature de la négation: "préfixe+mot" ( exemple: MALentendu ) négation léxicale
41%
Nature de la négation: N'étant nulle part négation partielle de lieu
5%
Nature de la négation: Ne...Jamais négation partielle de temps
5%
Nature de la négation: n'avons personne négation partielle de personne
4%
Aucun quiz correspondant
Distribution des résultats
% des personnes avec chaque résultat
Percentile par nombre de réponses
Votre historique - résultats
Vous n’avez pas pris ce quiz